书目信息 |
| 题名: |
股票经营秘诀
|
|
| 作者: | 杨卓舒 主编 | |
| 分册: | ||
| 出版信息: | 北京 中国经济出版社 1992.4 |
|
| 页数: | 236页 | |
| 开本: | 19cm | |
| 丛书名: | ||
| 单 册: | ||
| 中图分类: | F832.5 | |
| 科图分类: | ||
| 主题词: | 金融 , 银行 | |
| 电子资源: | ||
| ISBN: | 7-5017-1790-7 | |
| 000 | 00557nam0 2200205 45 | |
| 001 | 0404281010 | |
| 005 | 20040428105957.1 | |
| 010 | @a7-5017-1790-7@dCNY5.90 | |
| 100 | @a20040428d1992 km y0chiy0120 ea | |
| 101 | 0 | @achi |
| 105 | @a z 000yy | |
| 200 | 1 | @a股票经营秘诀@AGu Piao Jing Ying Mi Jue@f杨卓舒主编@FYang Zhuo Shu Zhu Bian |
| 210 | @a北京@d1992.4@c中国经济出版社 | |
| 215 | @a236页@d19cm | |
| 606 | 0 | @a金融 |
| 606 | 0 | @a银行 |
| 690 | @aF832.5@v3 | |
| 701 | 0 | @a杨卓舒@4主编 |
| 801 | @aCN@bPftUser@c20040428 | |
| 905 | @f1@b255504@dF832.5@e12 | |
| 股票经营秘诀/杨卓舒主编.-北京,1992.4:中国经济出版社 |
| 236页;19cm |
| ISBN 7-5017-1790-7:CNY5.90 |
| ● |
| 相关链接 |
|
|
|
|
正题名:股票经营秘诀
索取号:F832.5/12
 
预约/预借
| 序号 | 登录号 | 条形码 | 馆藏地/架位号 | 状态 | 备注 |
| 1 | 0255503 | 000492274 | 第一样本阅览室/ [索取号:F832.5/12] | 在馆 | |
| 2 | 0255504 | 000492265 | 第一借阅区/ [索取号:F832.5/12] | 在馆 |